00537nam a22001937a 450000500170000001000130001702000220003003500130005203700160006504000120008108200130009310000200010624500560012626000440018227000390022630000310026565000190029665000280031520170124110145.0 aA-823042 c45.00a8170141788 aA-823042 bCen Lib/Ret aDPLbEN a658bSAT aSatyanaraya, P. aManagement and organisation /cby P. Satyanarayana  aNew Delhi c1996bPremier book company  bNew Delhi a23, Daryagnaje110002 avariou pagings .c20cm(Hb) aManagement x  aTheories of management